000 00701nam a22002297a 4500
005 20250904115845.0
008 250904b |||||||| |||| 00| 0 eng d
020 _a978-93-5566-078-7 (pbk)
037 _cTB
040 _aCRL
_cCRL
041 _2SIN
_aSIN
084 _aO1593,1N55x R1
_bCRL
100 _aSanmukhani, Nand Kishore
_9820072
245 _aNavaan pan
260 _aBhopal, India:
_bNand Kumar Sanmukhani,
_c2021.
300 _a120p.
365 _b320.00
_cINR
650 _aSindhi Literature
650 _aSindhi Poetry
_9577661
942 _2CC
_cTB
_hO1593,1N55x R1
_n0
999 _c1435168
_d1435168